• Gray John

di Personal Name

Records bibliografici associati: 1

001 - CONTROL NUMBER

  • control field: 62786

003 - CONTROL NUMBER IDENTIFIER

  • control field:

005 - DATE AND TIME OF LATEST TRANSACTION

  • control field: 20251126141844.0

008 - FIXED-LENGTH DATA ELEMENTS

  • fixed length control field: 251126|| aca||aabn | a|a d

040 ## - CATALOGING SOURCE

  • Original cataloging agency:
  • Transcribing agency:

100 ## - HEADING--PERSONAL NAME

  • Personal name: Gray John

670 ## - SOURCE DATA FOUND

  • Source citation: Work cat.: ()213829: Gray John, Quello che tua madre non ti ha detto e tuo padre non sapeva., 1995 [Edizione originale: 1994]
CREDITS: SOCIETA' SAN PAOLO Via A.Severo, 58 - ROMA (RM) & PERIODICI SAN PAOLO SRL Via Giotto, 36 MILANO & CISF Via Giotto, 36 MILANO & EDIZIONI SAN PAOLO SRL,  Piazza Soncino, 5 CINISELLO BALSAMO (MI) -- ITALY